Online
Catalog

Calles de Santo Domingo y Distrito Nacional. / (Record no. 54471)

MARC details
000 -CABECERA
campo de control de longitud fija 01917nam a2200277 i 4500
003 - IDENTIFICADOR DEL NÚMERO DE CONTROL
campo de control DO-SdBNP
005 - FECHA Y HORA DE LA ÚLTIMA TRANSACCIÓN
campo de control 20230821113145.0
006 - CÓDIGOS DE INFORMACIÓN DE LONGITUD FIJA--CARACTERÍSTICAS DEL MATERIAL ADICIONAL
campo de control de longitud fija a||||gr|||| 00| 0
007 - CAMPO FIJO DE DESCRIPCIÓN FÍSICA--INFORMACIÓN GENERAL
campo de control de longitud fija ta
008 - DATOS DE LONGITUD FIJA--INFORMACIÓN GENERAL
campo de control de longitud fija 230818e2023 dr aoc|| |||| 00| 0 spa d
020 ## - NÚMERO INTERNACIONAL ESTÁNDAR DEL LIBRO
Número Internacional Estándar del Libro 9789945185027
040 ## - FUENTE DE LA CATALOGACIÓN
Centro catalogador/agencia de origen DO-SdBNP
Lengua de catalogación spa
Centro/agencia transcriptor BNPHU
Normas de descripción rda
082 #4 - NÚMERO DE LA CLASIFICACIÓN DECIMAL DEWEY
Número de edición 22
Número de documento/Ítem F615c
100 1# - ENTRADA PRINCIPAL--NOMBRE DE PERSONA
Nombre de persona Flete, Dagoberto Antonio,
Fechas asociadas al nombre 1952-
9 (RLIN) 80105
Término indicativo de función/relación autor
245 10 - MENCIÓN DE TÍTULO
Título Calles de Santo Domingo y Distrito Nacional. /
Mención de responsabilidad, etc. Dagoberto Ant. Flete; prólogo, Porfirio Pérez Bido
264 #1 - PRODUCCIÓN, PUBLICACIÓN, DISTRIBUCIÓN, FABRICACIÓN Y COPYRIGHT
Producción, publicación, distribución, fabricación y copyright Santo Domigo :
Nombre del de productor, editor, distribuidor, fabricante Willy Copi Center,
Fecha de producción, publicación, distribución, fabricación o copyright 2023
300 ## - DESCRIPCIÓN FÍSICA
Extensión 219 páginas :
Otras características físicas Ilustraciones, fotografía, retratos ;
Dimensiones 20 cm.
336 ## - TIPO DE CONTENIDO
Fuente rdacontent
Término de tipo de contenido texto
Código de tipo de contenido txt
337 ## - TIPO DE MEDIO
Fuente rdamedia
Nombre/término del tipo de medio sin mediación
Código del tipo de medio n
338 ## - TIPO DE SOPORTE
Fuente rdacarrier
Nombre/término del tipo de soporte volumen
Código del tipo de soporte nc
500 ## - NOTA GENERAL
Nota general Incluye datos biográficos del autor en la contracubierta.
505 ## - NOTA DE CONTENIDO CON FORMATO
Nota de contenido con formato Prólogo.
Título Las Calles de santo Domingo y el Distrito Nacional.-- Santo Domingo, Distrito Nacional.-- Santo Domingo, Distrito Nacional.-- Diferencia entre Provincia y Distrito Nacional.-- Límites del Distrito Nacional.-- Población de la Provincia de Santo Domingo.-- División Política del Distrito Nacional.-- Atractivos turísticos.-- Evento y Espectáculos.-- Personalidades nacidas en el Distrito Nacional.-- Autoridades Electas.-- Avenidas del Distrito Nacional.-- Avenidas de Santo Domingo Este.-- Avenidas de Santo Domingo Norte.-- Avenidas de Santo Domingo Oeste.--
-- Callejones.-- Calles de fechas históricas.-- Calles con nombres de Batallas.-- Calles del Distrito Nacional.-- Calles de Santo Domingo Este.-- Calles de Santo Domingo Norte.-- Calles de Santo Domingo Oeste.-- Calle de los Alcarrizos.-- Barrios del Gran Santo Domingo.-- Peores barrios del Gran Santo Domingo.-- Opinión del Autor.-- Dedicatoria.-- Bibliografía.-- Libros Escritos.
590 ## - NOTA LOCAL (RLIN)
Nota local Inventariado 2023 / MF
700 1# - PUNTO DE ACCESO ADICIONAL--NOMBRE DE PERSONA
Nombre de persona Pérez Bidó, Porfirio,
9 (RLIN) 72932
Término indicativo de función/relación prólogo
942 ## - ELEMENTOS DE PUNTO DE ACCESO ADICIONAL (KOHA)
Fuente del sistema de clasificación o colocación Dewey Decimal Classification
Tipo de ítem Koha Libro
Holdings
Estado de retiro Estado de pérdida Fuente del sistema de clasificación o colocación Restricciones de uso No para préstamo Código de colección Localización permanente Ubicación/localización actual Ubicación en estantería Fecha de adquisición Fuente de adquisición Total de préstamos Signatura topográfica completa Código de barras Fecha visto por última vez Precio válido a partir de Tipo de ítem Koha Número de copia Nota pública
    Dewey Decimal Classification Excluido de préstamo   Patrimonio Dominicano Biblioteca Nacional Pedro Henríquez Ureña Biblioteca Nacional Pedro Henríquez Ureña En catalogación 17.07.2023 Depósito Legal   F615c 2023-5427 18.08.2023 18.08.2023 Libro    
    Dewey Decimal Classification Excluido de préstamo   Patrimonio Dominicano Biblioteca Nacional Pedro Henríquez Ureña Biblioteca Nacional Pedro Henríquez Ureña En catalogación 17.07.2023 Depósito Legal   F615c 2023-5428 18.08.2023 18.08.2023 Libro e.2 Ejemplar autografiado por el autor
    Dewey Decimal Classification Préstamo en sala   Dominicana de Servicio Biblioteca Nacional Pedro Henríquez Ureña Biblioteca Nacional Pedro Henríquez Ureña En catalogación 17.07.2023 Depósito Legal   F615c 2023-5429 18.08.2023 18.08.2023 Libro e.3  

Powered by Koha